logo

Bir Sreshtho Munshi Abdur Rouf Library
Jhenaidah Cadet College

Peacemaking in Indochina 1954-1975 / (Record no. 7362)

MARC details
000 -LEADER
fixed length control field 00546nam a2200217 a 4500
001 - CONTROL NUMBER
JCCL Control Number 7362
003 - CONTROL NUMBER IDENTIFIER
JCCL marc code BD-JhCC
005 - DATE AND TIME OF LATEST TRANSACTION
control field 20180212104433.0
008 - FIXED-LENGTH DATA ELEMENTS--GENERAL INFORMATION
fixed length control field 180208s1983 bg |||| || | 000 0 eng d
035 ## - SYSTEM CONTROL NUMBER
system control number (BD-JhCC)7362
040 ## - CATALOGING SOURCE
Original cataloging agency BD-JhCC
Modifying agency BD-JhCC
041 ## - LANGUAGE CODE
Language code of Book eng
082 ## - DEWEY DECIMAL CLASSIFICATION NUMBER
Classification number 959.70431
Author mark and Year KAL 1983
100 ## - MAIN ENTRY--PERSONAL NAME
Personal name Kalam, Abul
245 ## - TITLE STATEMENT
Title Peacemaking in Indochina 1954-1975 /
Statement of responsibility, etc Abul Kalam,
260 ## - PUBLICATION, DISTRIBUTION, ETC. (IMPRINT)
Place of publication, distribution, etc Dhaka :
Name of publisher, distributor, etc University Press,
Date of publication, distribution, etc 1983
300 ## - PHYSICAL DESCRIPTION
Pagination 458 p. :
Dimensions 26 cm.
650 ## - SUBJECT ADDED ENTRY--TOPICAL TERM
Topical term or geographic name as entry element Peace
Geographic subdivision Vietnam
942 ## - ADDED ENTRY ELEMENTS (KOHA)
Source of classification or shelving scheme Dewey Decimal Classification
Koha item type Books
Holdings
Source of classification or shelving scheme Damaged status Not for loan Home library Current library Shelving location Date of accession Total Checkouts Full call number Barcode Date last seen Copy number Koha item type
Dewey Decimal Classification     JCC Rouf Library JCC Rouf Library General Stacks 02/08/2018   959.70431 KAL 1983 9778 02/08/2018 C-1 Books

JCC Library | Contacts | JCC Home

Last Update on 23 September 2017
Copyright @ 2017-2020 JCC Rouf Library
Rouf Library, Jhenidah Cadet College (JCC), Bangladesh